| 000 | 00624nam a2200181 i 4500 | ||
|---|---|---|---|
| 001 | 20699 | ||
| 003 | ES-MaACL | ||
| 005 | 20230906152339.0 | ||
| 007 | t| | ||
| 008 | 021115s1965 ag ||||1| spa d | ||
| 245 | 0 | 0 |
_aActas de la Conferencia de las Naciones Unidas sobre Comercio y Desarrollo _b: Ginebra, 23 marzo-16 junio 1964. |
| 260 |
_aBuenos Aires ; _a[Bilbao : _bSudamericana : _bGrijelmo, _c1965] |
||
| 300 |
_aVI, 248 p. ; _c28 cm. |
||
| 505 | 8 | _aContiene: V. IV. Congreso de Manufacturas | |
| 710 | 2 |
_aNaciones Unidas. _95955 |
|
| 711 | 2 |
_aCongreso de Manufacturas. _9330 |
|
| 852 |
_aES-MaACL _jC-29821 _bR.58241 |
||
| 999 |
_c20699 _d20699 |
||